000 00522nam a2200181Ia 4500
008 090123s9999 xx 000 0 und d
082 _b6598
_a891.463/लाटे
100 _aलाटे दिनानाथ
245 _aधूळफेक
250 _a1
260 _bदिलिप प्रकाशन
300 _a246
600 _aलाटे दिनानाथ
630 _aधूळफेक
700 _aलाटे दिनानाथ
730 _aधूळफेक
942 _cBOOK
999 _c44663
_d44663